Právna úprava financovania politických strán a hnutí od roku 1989 do súčasnosti a stručná analýza ich príjmov - výdavkov

Legislatívny rámec vývoja financovania politických strán a hnutí. Súvislosti spojené s financovaním politických subjektov. Príjmy a výdavky politických strán v rokoch 2010 a 2011.

Salvato in:
Dettagli Bibliografici
Autore principale: Chuguryan, Simona, 1977-
Natura: Capitolo di libro
Lingua:slovacco
Soggetti:
Tags: Aggiungi Tag
Nessun Tag, puoi essere il primo ad aggiungerne!!

MARC

LEADER 00000naa$a2200000$$$4500
001 0164935
005 20240502072858.7
041 0 |a slo 
044 |a SK 
245 1 0 |a Právna úprava financovania politických strán a hnutí od roku 1989 do súčasnosti a stručná analýza ich príjmov - výdavkov  |c Simona Chuguryan 
520 |a Legislatívny rámec vývoja financovania politických strán a hnutí. Súvislosti spojené s financovaním politických subjektov. Príjmy a výdavky politických strán v rokoch 2010 a 2011. 
610 2 0 |a strany politické 
610 2 0 |a Slovensko 
610 2 0 |a financovanie 
610 2 0 |a úpravy právne 
610 2 0 |a legislatíva 
610 2 0 |a príjmy 
610 2 0 |a výdavky 
100 1 |a Chuguryan, Simona, 1977-